Welcome to the Holygrace Academy Library

Please use search bar below to get started

PACHAVIRAL (Record no. 5390)

MARC details
000 -LEADER
fixed length control field 00372nam a22001457a 4500
020 ## - INTERNATIONAL STANDARD BOOK NUMBER
ISBN 978-81-264-2625-9
082 ## - DEWEY DECIMAL CLASSIFICATION NUMBER
Classification number 920
Item number DHA/D
100 ## - MAIN ENTRY--AUTHOR NAME
Personal name DHAYABAI
245 ## - TITLE STATEMENT
Title PACHAVIRAL
Remainder of title KANYAMADATHIL NINNU KEEZHALAMANNILETHIYA DAYABAYIYUDE ATHMAKATHA
260 ## - PUBLICATION, DISTRIBUTION, ETC. (IMPRINT)
Place of publication KOTTAYAM
Name of publisher DC BOOKS
Year of publication 2011
300 ## - PHYSICAL DESCRIPTION
Number of Pages 151
520 ## - SUMMARY, ETC.
Summary, etc AUTOBIOGRAPHY
650 ## - SUBJECT ADDED ENTRY--TOPICAL TERM
Topical Term AUTOBIOGRAPHY
942 ## - ADDED ENTRY ELEMENTS (KOHA)
Koha item type Books
Holdings
Withdrawn status Lost status Collection code Home library Current library Shelving location Date acquired Source of acquisition Cost, normal purchase price Full call number Accession Number Koha item type
    Reference Main Library Main Library SHELF-16L- MALAYALAM BIOGRAPHY,STUDIES/CRITICISM 27/11/2012 Purchase 85.00 920 DHA/D 07265 Books